Religion in Society : (Record no. 612586)

MARC details
000 -LEADER
fixed length control field 00491nam a2200193 a 4500
008 - FIXED-LENGTH DATA ELEMENTS--GENERAL INFORMATION
fixed length control field 260214s2007##################000#0#eng##
020 ## - INTERNATIONAL STANDARD BOOK NUMBER
ISBN 9780131884076
082 04 - DEWEY DECIMAL CLASSIFICATION NUMBER
Classification number 306.6
Item number JOH
100 1# - MAIN ENTRY--AUTHOR NAME
Personal name Johnstone, Ronald L.,
245 10 - TITLE STATEMENT
Title Religion in Society :
260 ## - PUBLICATION, DISTRIBUTION, ETC. (IMPRINT)
Name of publisher Prentice Hall,
Year of publication 2007.
300 ## - PHYSICAL DESCRIPTION
Number of Pages 452 pages
650 #0 - SUBJECT ADDED ENTRY--TOPICAL TERM
Topical Term Religion.
942 ## - ADDED ENTRY ELEMENTS (KOHA)
Koha item type English Books
Holdings
Withdrawn status Lost status Damaged status Not for loan Home library Current library Shelving location Date acquired Full call number Accession Number Price effective from Koha item type
        Anna Centenary Library Anna Centenary Library 3RD FLOOR, B WING 14.02.2026 306.6 JOH 296366 14.02.2026 English Books

Find us on the map